000 00653nam a2200253Ia 4500
003 OSt
005 20221007111935.0
006 a|||||r|||| 00| 0
007 ta
008 221006b |||||||| |||| 00| 0 eng d
020 _a9788175347809
024 _a24,585
037 _cTextual
040 _aLCO
_cLCO
_beng
041 _2eng
_aeng
082 _aZ, P9
100 _aIyer V.R. Krishna
245 0 _aDynamic Lawyering
260 _aDelhi
_bUniversal Law Publishing Co. Pvt. Ltd. India
_c2009
300 _a293
650 _aDYNAMIC LAWYERING
_9708655
942 _hZ, P9
_cTEXL
999 _c1194148
_d1194148